Guia didáctica para el análisis de esfuerzos lineales con el uso del programa ALGOR.
Uloženo v:
| Hlavní autor: | |
|---|---|
| Médium: | Kniha |
| Vydáno: |
[San José , Costa Rica]
1994
|
| Témata: | |
| Tagy: |
Přidat tag
Žádné tagy, Buďte první, kdo vytvoří štítek k tomuto záznamu!
|
MARC
| LEADER | 00000nam a2200000Ia 4500 | ||
|---|---|---|---|
| 003 | 007064 | ||
| 005 | 20221231144313.0 | ||
| 008 | 140114s1994 cr a m 000 ||s d | ||
| 040 | |c cru CEDI | ||
| 090 | |a TFG 2823 | ||
| 100 | |a Stadthagen, Klaus |9 11939 | ||
| 245 | |a Guia didáctica para el análisis de esfuerzos lineales con el uso del programa ALGOR. | ||
| 260 | |c 1994 |a [San José , Costa Rica] | ||
| 300 | |a x, 163 hojas : ilustraciones (algunas a color) | ||
| 500 | |a Proyecto de graduacion (licenciatura en ingenieria mecanica)--Universidad de Costa Rica. Facultad de Ingeniería. Escuela de Ingenieria Mecanica | ||
| 650 | |x OPTIMIZACION MATEMATICA |x ALGOR (PROGRAMAS PARA COMPUTADORA) |x METODO DE ELEMENTOS FINITOS |9 11940 | ||
| 942 | |c TFG |2 ddc | ||
| 999 | |c 19863 |d 19863 | ||
